Pharmacogenetics, pharmacogenomics
Elmentve itt :
| Szerző: | |
|---|---|
| Dokumentumtípus: | Prezentáció |
| Kulcsszavak: | farmakogenetika genomika genetika |
| Tárgyszavak: | |
| Online Access: | http://eta.bibl.u-szeged.hu/1132 |
| LEADER | 00841nnm a2200229 i 4500 | ||
|---|---|---|---|
| 001 | eta1132 | ||
| 005 | 20200309140903.0 | ||
| 008 | 181128suuuu hu o 0|| eng d | ||
| 040 | |a SZTE Elektronikus Tananyag Archívum |b hun | ||
| 041 | |a eng | ||
| 100 | 1 | |a Széll Márta | |
| 245 | 1 | 0 | |a Pharmacogenetics, pharmacogenomics |h [elektronikus dokumentum] / |c Széll Márta |
| 516 | |a Presentation | ||
| 650 | 4 | |a Orvos- és egészségtudomány | |
| 650 | 4 | |a Általános orvostudomány | |
| 650 | 4 | |a Humángenetika | |
| 650 | 4 | |a Genomika, összehasonlító genimika, funkcionális genomika | |
| 695 | |a farmakogenetika | ||
| 695 | |a genomika | ||
| 695 | |a genetika | ||
| 856 | 4 | 0 | |u https://eta.bibl.u-szeged.hu/1132/1/pharmacogenetics_pharmacogenomics.ppt |z Dokumentum-elérés |
| 856 | 4 | 0 | |u https://eta.bibl.u-szeged.hu/1132/3/13/index.html |z Dokumentum-elérés |